000
00283nam a2200109Ia 4500
008
200302s9999 xx 000 0 und d
100
_a
Miles Lewis
245
_a
Architectura Elements of Architectural Style
260
_b
Global Book Publishing Pty Ltd
260
_c
2008
300
_a
399
999
_c
3738
_d
3738